Statistiken für Warrior Cats - Staffel 3

Klicken Sie hier um das Quiz zu spielen!

Allgemein

  • Dieses Quiz wurde 10 mal gespielt
  • Das Durchschnittsergebnis liegt bei 4 aus 6

Antwortstatistiken

BandWarrior Cats - …% Korrekt
Band 1Der geheime Blick
88%
Band 2Fluss der Finsternis
75%
Band 5Lange Schatten
75%
Band 6Sonnenaufgang
75%
Band 4Zeit der Dunkelheit
63%
Band 3Verbannt
50%

Verteilung der Resultate

Perzentil nach korrekt beantworteten Fragen

Anzahl Personen mit jedem Resultat

Ihre Resultats-Entwicklung

Sie haben dieses Quiz noch nicht gespielt